| 000 | 00665 a2200181 4500 | ||
|---|---|---|---|
| 999 |
_c6349 _d6349 |
||
| 020 | _a8120316851 | ||
| 050 | _aTK5102.5 TEL 2000 | ||
| 100 |
_aAidarous, Salah _eeditor |
||
| 245 |
_aTelecommunications network management : _btechnologies and implementations / _cSalah Aidarous & Thomas Plevyak |
||
| 264 |
_aNew Delhi : _bPrentice-Hall of India, _c2000. |
||
| 300 |
_a320p. : _bill. |
||
| 440 | _aIEEE series on network management | ||
| 500 | _aIncludes bibliographical references and index | ||
| 650 |
_aTelecommunication systems _xManagement. |
||
| 650 |
_aComputer networks _xManagement. |
||
| 700 |
_aPlevyak, Thomas _eeditor |
||
| 942 |
_2lcc _cBK _h5102.5 _iTEL _kTK |
||